Historia - prawda czy fałsz #1 - Statystyki

Ogólne statystyki
  • Ten quiz został rozwiązany 6 596 razy
  • Średni wynik to 12 z 18
Statystyki odpowiedzi
Zagadnienie Odpowiedź % Poprawnych
Ludzie byli częściowo odpowiedzialni za wyginięcie dinozaurów. Fałsz
86%
Proch strzelniczy wynaleziono w Chinach. Prawda
83%
Kalifornia i Teksas były kiedyś częścią Meksyku. Prawda
75%
Wielka Piramida w Gizie jest jedynym ze starożytnych cudów świata, który wciąż stoi. Prawda
74%
Kolumb był pierwszym Europejczykiem, który dopłynął do obu Ameryk. Fałsz
73%
Sokrates zginął w bitwie. Fałsz
73%
Irlandia została skolonizowana przez starożytnych Rzymian. Fałsz
72%
Pomidory pierwotnie pochodzą z Nowego Świata. Prawda
70%
Chiny walczyły w II wojnie światowej. Prawda
69%
Egipt, Jordania i Syria zaatakowały Izrael. Prawda
67%
Od arystokraty mieszkającego w Petersburgu w Rosji w XIX wieku oczekuje się płynnej znajomości języka francuskiego. Prawda
66%
Naziści najechali Grecję podczas II wojny światowej. Prawda
63%
Saksofon został wynaleziony przez Adolphe'a Saxa. Prawda
63%
Bach był pod wpływem Beethovena. Fałsz
60%
W dokumentach napisanych w klasycznej grece nie stosowano spacji między słowami. Prawda
55%
Istnieją zdjęcia (bardzo starego) George'a Washingtona. Fałsz
54%
Imperium Inków przetrwało ponad 2000 lat. Fałsz
44%
Większość naukowców uważa obecnie, że Szekspir nie napisał większości sztuk, które noszą jego imię. Fałsz
39%
Nie znaleziono quizów pasujących do podanych kryteriów
Rozkład punktacji
Procent ludzi z każdym wynikiem
Percentyl według liczby udzielonych odpowiedzi
Twoja historia wyników
Nie rozwiązałeś tego quizu